| 000 | 00607nam a2200181 a 4500 | ||
|---|---|---|---|
| 001 | 000016069 | ||
| 005 | 20200929164248.0 | ||
| 008 | 100224s1984 dr 001 0 spa d | ||
| 040 |
_aDO-SdBNP _bspa _cBNPHU |
||
| 082 |
_axxxx _bR426l |
||
| 110 | 1 |
_aRepública Dominicana _bOficina Nacional de _936038 |
|
| 240 | 1 | 3 | _aLeyes, etc. |
| 245 | 1 | 0 | _aLegislación complementaria al código de procedimiento criminal de la República Dominicana /. |
| 260 |
_aSanto Domingo : _bOficina Nacional Administración y Persona (ONAP), _c1984. |
||
| 300 |
_a55 P. : _b22 cm. |
||
| 500 | _aEdición oficial | ||
| 049 | _aBNPD | ||
| 999 |
_c15610 _d15610 |
||